000 00256nam a2200097Ia 4500
001 640145
005 20250826153442.0
008 250824s9999 xx 000 0 und d
245 0 _aMÜSLÜMANLARIN TARİHİ 4
_cİHSAN SÜRAYYA SIRMA
260 _bBEYAN YAYINLARI
999 _c640145
_d640145